00305nam a2200121Ia 4500008004100000082002000041100001700061245004400078250000800122260002600130300001000156650001700166150201s2004 xx 000 0 und d a617.525bO2004S aSRINIWASAN,B aTEXTBOOK OF ORAL & MAXILOFACIAL SURGERY a1ST bELSEVIERaDELHIc2004 a1-535 aORAL SURGERY